000
00222nam a22000857a 4500
008
160831b xxu||||| |||| 00| 0 eng d
100
_9
284
_a
Tayal B.B
245
_a
Social Science-VII
260
_a
New Delhi
_b
Arya publication
_c
2016
999
_c
2942
_d
2942